Introduction to biodeterioration / (Record no. 4246)

000 -LEADER
fixed length control field 00876cam a2200289 a 4500
001 - CONTROL NUMBER
control field 1942040
003 - CONTROL NUMBER IDENTIFIER
control field OSt
005 - DATE AND TIME OF LATEST TRANSACTION
control field 20220321094501.0
008 - FIXED-LENGTH DATA ELEMENTS--GENERAL INFORMATION
fixed length control field 860730s1986 enka b 001 0 eng
010 ## - LIBRARY OF CONGRESS CONTROL NUMBER
LC control number 86189259
020 ## - INTERNATIONAL STANDARD BOOK NUMBER
International Standard Book Number 0713129018 (pbk.) :
Terms of availability £7.95
040 ## - CATALOGING SOURCE
Original cataloging agency DLC
Transcribing agency DLC
Modifying agency DLC
050 00 - LIBRARY OF CONGRESS CALL NUMBER
Classification number TA418.74
Item number .A39 1986
082 00 - DEWEY DECIMAL CLASSIFICATION NUMBER
Classification number 620.1/1223
Edition number 19
100 1# - MAIN ENTRY--PERSONAL NAME
Personal name Allsopp, D.
245 10 - TITLE STATEMENT
Title Introduction to biodeterioration /
Statement of responsibility, etc. Dennis Allsopp, Kenneth J. Seal.
260 ## - PUBLICATION, DISTRIBUTION, ETC.
Place of publication, distribution, etc. London ;
-- Baltimore, Md., U.S.A. :
Name of publisher, distributor, etc. E. Arnold,
Date of publication, distribution, etc. c1986.
300 ## - PHYSICAL DESCRIPTION
Extent vii, 136 p. :
Other physical details ill. ;
Dimensions 24 cm.
500 ## - GENERAL NOTE
General note Includes indexes.
504 ## - BIBLIOGRAPHY, ETC. NOTE
Bibliography, etc. note Bibliography: p. [120]-128.
650 #0 - SUBJECT ADDED ENTRY--TOPICAL TERM
Topical term or geographic name entry element Materials
General subdivision Biodegradation.
650 #0 - SUBJECT ADDED ENTRY--TOPICAL TERM
Topical term or geographic name entry element Biodegradation.
700 1# - ADDED ENTRY--PERSONAL NAME
Personal name Seal, Kenneth J.
740 0# - ADDED ENTRY--UNCONTROLLED RELATED/ANALYTICAL TITLE
Uncontrolled related/analytical title Biodeterioration.
906 ## - LOCAL DATA ELEMENT F, LDF (RLIN)
a 7
b cbc
c orignew
d 3
e ncip
f 19
g y-gencatlg
942 ## - ADDED ENTRY ELEMENTS (KOHA)
Source of classification or shelving scheme
Koha item type Book
Suppress in OPAC CM
Holdings
Withdrawn status Lost status Source of classification or shelving scheme Damaged status Not for loan Permanent Location Current Location Shelving location Date acquired Source of acquisition Total Checkouts Full call number Barcode Date last seen Price effective from Koha item type Public note
          AU LIBRARY AU LIBRARY Open Shelf 21.03.2022 DONATION FROM MOI UNIVERSITY   TA418.74 .A39 1986 28006229 21.03.2022 21.03.2022 Book CM

Powered by Koha